Penangkis syaitan, jin & sihir Insya'allah

Bibliographic Details
Corporate Author: Title
Other Authors: Assyeikh Mohammad Nor bin Mansur
Format: Book
Published: Perak : Pustaka Muda , [?]
Subjects:

MARC

LEADER 00000cam a2200000 7i4500
001 0000012981
005 20080107.0
008 080107
090 0 0 |a 297.216   |b PEN 
245 1 0 |a Penangkis syaitan, jin & sihir Insya'allah   |c Di susun oleh Assyeikh Mohammad Nor bin Mansur 
260 |a Perak :   |b Pustaka Muda ,   |c [?] 
650 0 |a Devil   |x Islam 
700 0 |a Assyeikh Mohammad Nor bin Mansur 
710 0 |a Title 
999 |a 0001008126   |b Book   |c Adult Collection   |e Perbadanan Perpustakaan Awam Johor 
999 |a 0001008127   |b Book   |c Adult Collection   |e Perbadanan Perpustakaan Awam Johor 
999 |a 0001008128   |b Book   |c Adult Collection   |e Perbadanan Perpustakaan Awam Johor